| 000 | 00356nam a22001457a 4500 | ||
|---|---|---|---|
| 005 | 20230622134131.0 | ||
| 008 | 220505b ||||| |||| 00| 0 eng d | ||
| 040 | _cOCLC | ||
| 082 |
_2DDC _a028.7 _bSAN |
||
| 100 | _aMAHASTABIR NANDA BONGSH | ||
| 245 | _aDHARMAPADA | ||
| 260 |
_aJORHAT _bASOM SAHITYA SABHA _c2000 |
||
| 300 |
_a1-p _c20CM |
||
| 942 |
_2ddc _cBK |
||
| 999 |
_c25399 _d25399 |
||